| 000 | 00747nam a2200265 i 4500 | ||
|---|---|---|---|
| 001 | 127050 | ||
| 003 | BJBSDDR | ||
| 005 | 20240827163346.0 | ||
| 007 | ta | ||
| 008 | 171004s2015 ag a 000 0 spa | ||
| 020 | _a9789508924711 | ||
| 040 |
_cDLC _bspa |
||
| 041 | 0 | _aspa | |
| 050 | 1 | 4 |
_aG 73 _bD948d 2015 |
| 082 | _a910.7 | ||
| 100 | 1 |
_aDurán, Diana. _931755 |
|
| 245 | 1 | 0 |
_aDifusión de las innovaciones en la educación geográfica / _cDiana Durán. |
| 260 |
_aBuenos Aires : _bLugar Editorial, _c2015. |
||
| 300 |
_a286 p. : _bil. ; _c22 cm. |
||
| 440 | 0 | _aColección nuevos paradigmas | |
| 650 | 4 |
_aGeografía _xEnseñanza secundaria _938125 |
|
| 650 | 4 |
_aEnseñanza de la geografía _938124 |
|
| 942 |
_2lcc _cBK |
||
| 946 | _ilmm | ||
| 999 |
_c96199 _d96199 |
||